000 00396nam a2200169 i 4500
001 bg
100 1 _aSEJFART, M.
245 0 _aDigitale Schaltungen /
_cM. Sejfart.
260 _aBerlin :
_bVEB Verlag Technik,
_c1986.
020 _a3341001484
040 _cBPK
041 _apol
080 _a621.382
920 _a3-341-00148-4
942 _cKS
008 s pl f |000 0 pol
999 _c23293
_d23293
856 _uhttp://koha.tu.koszalin.pl/cgi-bin/koha/opac-detail.pl?biblionumber=23293
_yKatalog online BPK